000 00333nam a2200121Ia 4500
008 191201s2017 xx 000 0 und d
100 _aSridharamurthy,N.B
245 0 _aHuman Anatomy and Physiology-I
260 _bNirali Publication
_aNew Delhi
_c2017
300 _aMisc.
650 _aHuman Anatomy & Physiology
942 _2ddc
_cBK
_014
999 _c8337
_d8337